MDQL
is popping MORE tags! Check the
thread
!
Quizzes
Events
Quiz Creation
Community
Videos
Private Events
Remove Ads
Sign In
Join for FREE
Feedback
Dark Mode
Quiz Categories
Sports
Geography
Music
Movies
Television
Just For Fun
Miscellaneous
History
Literature
Language
Science
Gaming
Entertainment
Religion
Holiday
For Kids
Quiz Lab
Recent
Popular Today
Quiz Kudos Today
Editor Picks
Curator Picks
Quizzes by...
Day
Popularity
Type
Ratings
Length
Year
Community
Subscriptions
Recent Discussions
Orange Saloon
Badges
Playlists
Quests
Create
Leaderboards
Showdown
Live 5
Trivia Bingo
Activity
Puzzle Library
Sporcle Events
Private Events
Virtual Trivia
Globe League
Become a Host
Pub Owners
SporcleCon
Opinionation
Our Games
Videos
Blog
Mobile Apps
Partnerships
Remove Ads and Go Orange
Feedback
Music
Pop Music
The Beatles
Song
Album
Lyrics
Bands
Singers
Artist
Clip
Rock
Rap
Classical
Billboard
Country Music
Kpop
Taylor Swift
Music
Pop Music
The Beatles
Song
Album
Lyrics
Bands
Singers
Artist
Clip
Rock
Rap
Classical
Billboard
Country Music
Kpop
Taylor Swift
Random Quiz
Search Sporcle
×
Quiz Lab
Quiz Lab
Music
metallica
Type in answers that appear in a list
Type in answers that appear in a list
Classic
Best Score? Go Orange.
Impossible Metallica Quiz Stats
Can you name the Impossible Metallica Quiz?
By
J0EY2K7
4m
20 Questions
6,940 Plays
6,940 Plays
6,940 Plays
Comments
Comments
Give Quiz Kudos
Give Quiz Kudos
-
- Ratings
hide this ad
Forced Order
Answers have to be entered in order
Answers have to be entered in order
Replay
Link that replays current quiz
Next Quiz
Link to next quiz in quiz playlist
You Got
0%
They Got
Avg Score
48%
Avg Friend Score
Upgrade to see
Score Distribution
Jump to the score distribution portion of the page
Score
0/20
Timer
04:00
0
Plays Today
Question
Answer
% Correct
What year was the band formed?
1981
96.5%
Which studio album has the most songs?
Load (14 Songs)
82.3%
What year was the album “Ride the Lightning” released?
1984
79.9%
What did Metallica initially want to call their first album?
Metal Up Your Ass
67.5%
Who was Metallica’s original bassist?
Ron McGovney
60.9%
Lars Ulrich led the case against which file-
sharing network?
Napster
59.4%
Which studio album cover does not have the word “Metallica” on it?
St. Anger
56.5%
A compilation of video footage was released as a tribute to Metallica’s late bassist Cliff Burton, but what was it called?
Cliff'em All
52.5%
Who plays bass on the album St. Anger?
Bob Rock
50.2%
The lyric “Fade to Black” appears in which song?
The Memory Remains
48.2%
Question
Answer
% Correct
What piece of music does the band use as their introductory music when performing live?
The Ecstasy of Gold
45.2%
Other than 'Enter Sandman', what other song does Hetfield whisper “off to never never land” at the end of?
King Nothing
38.8%
Who replaced Robert Trujillo as Ozzy Osbournes bassist during Ozzfest 2003?
Jason Newsted
38.3%
The lyrics '...cannot the Kingdom of Salvation take me home?' are on Cliff Burtons memorial stone, but what song are the lyrics taken from?
To Live Is To Die
35.6%
How many weeks did the album Kill ‘em All take to record?
2
34.8%
The lyric “Death Magnetic” appears in which song?
My Apocalypse
30.7%
During the Cunning Stunts concert, the band play an untitled song which would appear on their next album, but what is the song?
Fuel
29.9%
Hetfield and Mustaine once had a fist fight after Mustaine accused Hetfield of what?
Kicking his dog
29.4%
During the S & M concert the band play Of Wolf and Man, but what do they rename the song?
Of Wolfgang and Man
21.4%
What was the first thing Hetfield said when opening the Cunning Stunts concert?
Oh Yeah?
11.3%
Quiz Playlist
Details
Report
Send in Message
Add To Playlist
Classic:
Type in answers that appear in a list
Forced Order:
Answers have to be entered in order
Last Updated: Feb 16, 2017
Quiz Scoreboard
CHALLENGE
Sign Up to Join the Scoreboard
Show All
Scores
Hide
Comments
May contain spoilers
Recently Published
Two Season TV Shows II
by 123Four
Television
10m
Image Sorting: Flags VI
by Barbecue
Geography
2m
Find the 'City' Movie
by crazypaving
Movies
60s
More to Explore
Quiz From the Vault
Featured Blog Post
14 Easter Pick-up Lines to Find Eggs With
hide this ad
You Might Also Like...
Tags
impossible
metallica
Today's Top Quizzes in Music
Browse Music
hide this ad
Today's Top Quizzes in metallica
Browse metallica
Top Contributed Quizzes in Music
1
5X2 Blitz: Bands II
2
5X2 Blitz: The Beatles
3
Taylor Swift All Songs (2024)
4
5X2 Blitz: Billboard
5
5X2 Blitz: Billboard II
6
5X2 Blitz: Album
7
5X2 Blitz: Singers
8
5X2 Blitz: Rock
9
Music Artist by Three 2010s hits
10
5X2 Blitz: Lyrics
Explore More
Trending Topics
Disney
NBA
Marvel
Kpop
Harry Potter
Anime
Crossword
The Office
WWE
Pokémon
Country
Song
Soccer
Puzzle
NFL
hide this ad
More By:
J0EY2K7
Quiz
Plays
Rating
Category
Featured
Created
Impossible Metallica Quiz
6,940
4.25
Music
Oct 21, 2009
Three Days Grace Songs
687
3.00
Music
Sep 28, 2009
BASEketball Radio Song Lyrics
55
5.00
Movies
Mar 27, 2017
Go to Creator's Profile
Score Distribution
Quiz Creator Spotlight
J0EY2K7
Follow
Send a Message
Quizzes Created
-
Created Quiz Play Count
-
More By This Creator
Popular Quizzes Today
1
Find the US States - No Outlines Minefield
2
Colored Red Africa Blitz
3
Find the 'City' Movie
4
5x2 Blitz: Bands
5
The Countries of the World
6
Find the Countries of Europe - No Outlines Minefield
7
Find the US States
8
US States
More Music Quizzes
Hidden Odd One Out: Band Members
Published
Trending Quizzes
Colored Red Europe Blitz I
Colored Red Africa Blitz II
Colored Red Europe Blitz II
Colored Red Africa Blitz III
Even More Two Season TV Shows
Recently Updated
March Madness Men's Triple Doubles
pecheneg
How Do You Spell That?
pecheneg
Godzilla Movies
pecheneg
Grab Bag: 4-10 Letters
pecheneg
2024 March Madness Bracket
pecheneg
Famous TV Couples
Peacemaker
Champions League XIs: Real Madrid
pecheneg
Largest US Cities 1790-2010
pecheneg
Rides in Walt Disney World
pecheneg
Most Oscar Losses (Acting)
pecheneg
Trending Topics
Marvel
Anime
Disney
Crossword
Harry Potter
NBA
Kpop
Puzzle
Soccer
The Office
Song
Country
NFL
WWE
Pokémon
Your Account Isn't Verified!
In order to create a playlist on Sporcle, you need to verify the email address you used during registration. Go to your
Sporcle Settings
to finish the process.
Report this User
Report this user for behavior that violates our
Community Guidelines
.
Details:
Send Report
Go to the Sporcle.com Mobile Site →
Comments